[Event "BL 8586 Erlangen-Zehlendorf"]
[Site "?"]
[Date "1986.??.??"]
[Round "?.6"]
[White "Autenrieth, M."]
[Black "Rahls, P."]
[Result "1-0"]
[WhiteElo "2315"]
[BlackElo "2250"]
[PlyCount "63"]
[EventDate "1986.??.??"]

1. e4 c5 2. d3 e6 3. g3 b6 4. Bg2 Bb7 5. Nf3 Nc6 6. O-O Be7 7. c3 g5 8. Be3 h5
9. d4 g4 10. Nfd2 Rc8 11. d5 Ne5 12. f4 gxf3 13. Nxf3 Ng4 14. Bf4 c4 15. d6 Bf6
16. e5 Bg7 17. h3 N4h6 18. Nbd2 Nf5 19. Qe2 Bh6 20. Kh2 Bxf4 21. gxf4 h4 22.
Rg1 Ngh6 23. Ng5 Ng3 24. Qf2 Bxg2 25. Rxg2 f6 26. Nge4 fxe5 27. Nxg3 hxg3+ 28.
Qxg3 Nf5 29. Qg6+ Kf8 30. Rg5 exf4 31. Rxf5+ exf5 32. Qxf5+ 1-0

[Event "BL 8586 Bamberg-Kreuzberg"]
[Site "?"]
[Date "1986.??.??"]
[Round "?.2"]
[White "Seppeur, R."]
[Black "King, D."]
[Result "1/2-1/2"]
[WhiteElo "2295"]
[BlackElo "2435"]
[PlyCount "47"]
[EventDate "1986.??.??"]

1. e4 c5 2. Nc3 Nc6 3. g3 g6 4. Bg2 Bg7 5. d3 d6 6. Be3 e5 7. Qd2 Nge7 8. Bh6
O-O 9. Bxg7 Kxg7 10. f4 Nd4 11. Nf3 Bg4 12. O-O f6 13. Rf2 Qb6 14. Ne1 Be6 15.
Nd1 Rad8 16. c3 Ndc6 17. Ne3 exf4 18. gxf4 f5 19. Nd5 Bxd5 20. exd5 Nb8 21. c4
Nd7 22. Nf3 h6 23. Re1 Ng8 24. Qc3+ 1/2-1/2

[Event "BL 8586 Bamberg-Kreuzberg"]
[Site "?"]
[Date "1986.??.??"]
[Round "?.3"]
[White "Lehmann, K."]
[Black "Rodriguez, M."]
[Result "1/2-1/2"]
[WhiteElo "2225"]
[BlackElo "2465"]
[PlyCount "39"]
[EventDate "1986.??.??"]

1. e4 g6 2. d4 Bg7 3. Nf3 d6 4. Nc3 Nf6 5. Be2 O-O 6. O-O Na6 7. e5 Ne8 8. Bf4
c5 9. exd6 cxd4 10. dxe7 Qxe7 11. Nb5 d3 12. Bxd3 Bxb2 13. Rb1 Bg7 14. Re1 Qd8
15. Be3 Nec7 16. Be4 Nxb5 17. Rxb5 Nc7 18. Rb1 Ne6 19. Qxd8 Nxd8 20. Bc5
1/2-1/2

[Event "BL 8586 Bamberg-Kreuzberg"]
[Site "?"]
[Date "1986.??.??"]
[Round "?.4"]
[White "Ruehrig, V."]
[Black "Grzesik, F."]
[Result "1/2-1/2"]
[WhiteElo "2375"]
[BlackElo "2285"]
[PlyCount "46"]
[EventDate "1986.??.??"]

1. Nf3 d5 2. d4 Nf6 3. Bg5 e6 4. e3 Be7 5. c4 h6 6. Bxf6 Bxf6 7. Nc3 O-O 8. Qc2
Nc6 9. O-O-O b6 10. h4 g6 11. g4 Bg7 12. h5 g5 13. e4 Qf6 14. Be2 Qf4+ 15. Kb1
dxe4 16. Qxe4 Qxe4+ 17. Nxe4 Bb7 18. d5 Ne7 19. Nc3 Bxc3 20. bxc3 exd5 21. Rhe1
dxc4 22. Ne5 Nd5 23. Kc2 Ba6 1/2-1/2

[Event "BL 8586 Heidelberg-Porz"]
[Site "?"]
[Date "1986.??.??"]
[Round "?.1"]
[White "Miles, A."]
[Black "Neunhoeffer, H."]
[Result "1-0"]
[WhiteElo "2560"]
[BlackElo "2235"]
[PlyCount "89"]
[EventDate "1986.??.??"]

1. d4 Nf6 2. c4 e6 3. Nf3 d5 4. Nc3 Bb4 5. Bg5 h6 6. Bxf6 Qxf6 7. Rc1 O-O 8. a3
Bxc3+ 9. Rxc3 c6 10. e3 Rd8 11. Qc2 dxc4 12. Bxc4 Nd7 13. O-O b6 14. Qe4 Rb8
15. Bd3 Bb7 16. Ne5 Rbc8 17. Nxc6 Rxc6 18. Rxc6 g6 19. b4 a6 20. Rfc1 Qg5 21.
h4 Qh5 22. d5 Nf6 23. Qf3 Qxf3 24. gxf3 Nxd5 25. Be4 Bxc6 26. Rxc6 a5 27. b5
Kf8 28. Kf1 Ke7 29. Ke2 Rd6 30. Bxd5 exd5 31. Rc7+ Rd7 32. Rc8 Rd8 33. Rc1 Rd6
34. Kd3 Rf6 35. f4 Kd7 36. Kd4 Rd6 37. h5 Kd8 38. Rh1 Ke7 39. hxg6 Rxg6 40. Rh5
Rg2 41. Kxd5 Rxf2 42. Kc6 Ra2 43. Kxb6 Rxa3 44. Ka7 Rb3 45. b6 1-0

[Event "BL 8586 Heidelberg-Porz"]
[Site "?"]
[Date "1986.??.??"]
[Round "?.3"]
[White "Goehring, K."]
[Black "Mack, P."]
[Result "1/2-1/2"]
[WhiteElo "2355"]
[BlackElo "2280"]
[PlyCount "30"]
[EventDate "1986.??.??"]

1. d4 Nf6 2. c4 g6 3. Nc3 d5 4. Nf3 Bg7 5. cxd5 Nxd5 6. Bd2 Nxc3 7. Bxc3 c5 8.
e3 O-O 9. Be2 cxd4 10. Nxd4 Nc6 11. Nxc6 Bxc3+ 12. bxc3 bxc6 13. Qa4 Qc7 14.
O-O Be6 15. Rfd1 Rfd8 1/2-1/2

[Event "BL 8586 Heidelberg-Porz"]
[Site "?"]
[Date "1986.??.??"]
[Round "?.7"]
[White "Kreutzkamp, R."]
[Black "Krieger, H."]
[Result "1/2-1/2"]
[WhiteElo "2250"]
[BlackElo "2210"]
[PlyCount "72"]
[EventDate "1986.??.??"]

1. e4 c5 2. c3 d6 3. d4 Nf6 4. Bd3 e6 5. Nf3 Nc6 6. O-O Be7 7. Re1 e5 8. dxc5
dxc5 9. h3 O-O 10. Na3 Qc7 11. Qe2 a6 12. Nc4 b5 13. Ne3 c4 14. Bc2 Rd8 15. Nd5
Qb7 16. Bg5 Be6 17. Bxf6 Bxf6 18. Nxf6+ gxf6 19. Nh4 Qe7 20. Nf5 Bxf5 21. exf5
Rd6 22. Rad1 Rad8 23. Rxd6 Rxd6 24. Rd1 Qd7 25. Rxd6 Qxd6 26. Be4 Nb8 27. b4
cxb3 28. axb3 Nd7 29. c4 Nc5 30. cxb5 axb5 31. b4 Nxe4 32. Qxe4 Qd1+ 33. Kh2
Qd2 34. f3 Kf8 35. Kg3 Kg7 36. Qg4+ Kf8 1/2-1/2

[Event "BL 8586 Koblenz-Wuppertal"]
[Site "?"]
[Date "1986.??.??"]
[Round "?.1"]
[White "Dresen, U."]
[Black "Gutman, L."]
[Result "1/2-1/2"]
[WhiteElo "2305"]
[BlackElo "2485"]
[PlyCount "77"]
[EventDate "1986.??.??"]

1. Nf3 Nf6 2. d4 g6 3. Bf4 Bg7 4. e3 d6 5. h3 O-O 6. Be2 Nbd7 7. c4 Ne4 8. Nbd2
Nxd2 9. Qxd2 e5 10. Bg3 exd4 11. exd4 Nf6 12. Bh4 h6 13. Bxf6 Qxf6 14. O-O Bf5
15. a4 Rfe8 16. b4 Re7 17. Ra3 Rae8 18. Bd1 Re4 19. a5 c5 20. bxc5 dxc5 21.
dxc5 Rxc4 22. a6 bxa6 23. Qa2 Rxc5 24. Rxa6 Be6 25. Qa4 Rb8 26. Rxa7 Rcc8 27.
Be2 Bf8 28. Ra6 Qe7 29. Re1 Bb3 30. Qg4 h5 31. Qg3 Qb4 32. Bd3 Rb6 33. Rxb6
Qxb6 34. Rb1 Rc3 35. Nd2 Qe6 36. Rxb3 Rxb3 37. Nxb3 Qxb3 38. Qf3 Qb4 39. g3
1/2-1/2

[Event "BL 8586 Koblenz-Wuppertal"]
[Site "?"]
[Date "1986.??.??"]
[Round "?.2"]
[White "Wolf, V."]
[Black "Schneider, B1."]
[Result "1-0"]
[WhiteElo "2315"]
[BlackElo "2290"]
[PlyCount "45"]
[EventDate "1986.??.??"]

1. e4 g6 2. d4 Bg7 3. Nc3 c6 4. Be3 d5 5. Qd2 dxe4 6. Nxe4 Nd7 7. Nf3 Ngf6 8.
Nxf6+ Nxf6 9. Bc4 Ne4 10. Qc1 Nd6 11. Bb3 Bg4 12. Ne5 Bxe5 13. dxe5 Qa5+ 14. c3
Qxe5 15. O-O O-O 16. Re1 Qh5 17. Bg5 Rfe8 18. h3 Be2 19. Qf4 e5 20. Qf6 h6 21.
Bxh6 Qxh6 22. Rxe2 Rad8 23. Rd1 1-0

[Event "BL 8586 Koblenz-Wuppertal"]
[Site "?"]
[Date "1986.??.??"]
[Round "?.3"]
[White "Meyer, P."]
[Black "Doncevic, D."]
[Result "0-1"]
[WhiteElo "2280"]
[BlackElo "2340"]
[PlyCount "54"]
[EventDate "1986.??.??"]

1. d4 Nf6 2. c4 g6 3. Nc3 d5 4. Nf3 Bg7 5. Bg5 Ne4 6. cxd5 Nxg5 7. Nxg5 e6 8.
Nf3 exd5 9. e3 O-O 10. b4 Be6 11. Be2 Nd7 12. O-O f5 13. Re1 g5 14. Rc1 a6 15.
Na4 c6 16. Nc5 Nxc5 17. bxc5 Qe7 18. Bd3 Rae8 19. Rb1 Bc8 20. Qc2 Qf6 21. g4
fxg4 22. Bxh7+ Kh8 23. Ne5 Rxe5 24. dxe5 Qh6 25. Qg6 Qh4 26. Re2 Bxe5 27. Kf1
g3 0-1

[Event "BL 8586 Koblenz-Wuppertal"]
[Site "?"]
[Date "1986.??.??"]
[Round "?.4"]
[White "Brueckner, T."]
[Black "Ingenerf, S."]
[Result "1/2-1/2"]
[WhiteElo "2265"]
[BlackElo "2270"]
[PlyCount "59"]
[EventDate "1986.??.??"]

1. d4 d6 2. c4 e5 3. Nf3 Nd7 4. Nc3 g6 5. e4 Bg7 6. Be2 Nh6 7. h4 f6 8. h5 Nf7
9. Qc2 c6 10. Be3 Qe7 11. O-O-O Bh6 12. Bxh6 Nxh6 13. hxg6 hxg6 14. Qd2 Qg7 15.
dxe5 dxe5 16. c5 Nf7 17. Rxh8+ Qxh8 18. b4 Qh6 19. Bc4 Qxd2+ 20. Nxd2 Nf8 21.
Bxf7+ Kxf7 22. Nc4 Ke7 23. f3 Bd7 24. Kb2 Rb8 25. Ne2 b6 26. cxb6 axb6 27. a4
Be6 28. Ne3 Ra8 29. Nc3 Rd8 30. Rxd8 1/2-1/2

[Event "BL 8586 Porz-Koblenz"]
[Site "?"]
[Date "1986.??.??"]
[Round "?.1"]
[White "Gutman, L."]
[Black "Miles, A."]
[Result "0-1"]
[WhiteElo "2485"]
[BlackElo "2560"]
[PlyCount "54"]
[EventDate "1986.??.??"]

1. Nf3 d6 2. d4 Bg4 3. g3 Bxf3 4. exf3 e6 5. h4 d5 6. f4 c5 7. f5 exf5 8. Bb5+
Nc6 9. O-O Nf6 10. Bg5 Be7 11. dxc5 O-O 12. Nc3 d4 13. Bxc6 bxc6 14. Ne2 Bxc5
15. Qd3 h6 16. Qxf5 hxg5 17. Qxc5 Re8 18. Qc4 gxh4 19. Nxd4 Re4 20. Rad1 hxg3
21. fxg3 Qc7 22. Rd3 c5 23. Qc3 Qb6 24. Nf5 c4+ 25. Re3 Rae8 26. Rfe1 R8e5 27.
Nd4 Rxd4 0-1

[Event "BL 8586 Porz-Koblenz"]
[Site "?"]
[Date "1986.??.??"]
[Round "?.2"]
[White "Hort, V."]
[Black "Wolf, V."]
[Result "1-0"]
[WhiteElo "2545"]
[BlackElo "2315"]
[PlyCount "107"]
[EventDate "1986.??.??"]

1. Nf3 Nf6 2. c4 e6 3. Nc3 c5 4. g3 d5 5. cxd5 exd5 6. d4 Nc6 7. Bg2 Be7 8. O-O
O-O 9. dxc5 Bxc5 10. Na4 Be7 11. Be3 Ne4 12. Rc1 Bf6 13. Nd4 Ne7 14. Nc5 Nd6
15. b3 Qa5 16. a4 a6 17. Qe1 Qd8 18. Qd1 Re8 19. Re1 h6 20. Nd3 Ne4 21. Nf4 Bd7
22. Qd3 Qa5 23. Red1 Nc6 24. Nxc6 bxc6 25. Nh5 Bb2 26. Rb1 Bg4 27. Rxb2 Bxh5
28. Rc1 Bg6 29. Qd4 Re6 30. Qb6 Qxb6 31. Bxb6 Rb8 32. a5 Bf5 33. Bf1 Nf6 34. b4
Nd7 35. Bd4 f6 36. f4 g5 37. e3 Ra8 38. Rb3 Kf7 39. Kf2 h5 40. Rbc3 Nb8 41. Be2
Kg6 42. Bb6 Bg4 43. Bf1 h4 44. gxh4 gxf4 45. exf4 Kh5 46. Kg3 Re4 47. Re3 Rxb4
48. h3 Bf5 49. Be2+ Kh6 50. Re8 Rb3+ 51. Kf2 Rxh3 52. Rg1 Rh2+ 53. Ke1 Bg6 54.
Rh8+ 1-0

[Event "BL 8586 Porz-Koblenz"]
[Site "?"]
[Date "1986.??.??"]
[Round "?.3"]
[White "Andruet, G."]
[Black "Goehring, K."]
[Result "1-0"]
[WhiteElo "2395"]
[BlackElo "2355"]
[PlyCount "52"]
[EventDate "1986.??.??"]

1. d4 Nf6 2. c4 e6 3. Nf3 d5 4. Nc3 Be7 5. Bg5 h6 6. Bxf6 Bxf6 7. e3 O-O 8. Qd2
b6 9. cxd5 exd5 10. O-O-O Nc6 11. h3 Be6 12. g4 Na5 13. Ne5 c5 14. f4 cxd4 15.
exd4 Rc8 16. Kb1 Nc4 17. Bxc4 dxc4 18. d5 Bd7 19. Ne4 Ba4 20. Rc1 Bxe5 21. fxe5
Qe7 22. Rhe1 Bb5 23. Nd6 Rc5 24. b4 cxb3 25. Rxc5 bxc5 26. Nxb5 Qb7 1-0

[Event "BL 8586 Porz-Koblenz"]
[Site "?"]
[Date "1986.??.??"]
[Round "?.5"]
[White "Schlick, V."]
[Black "Gerusel, M."]
[Result "1/2-1/2"]
[WhiteElo "2260"]
[BlackElo "2390"]
[PlyCount "58"]
[EventDate "1986.??.??"]

1. e4 c5 2. Nf3 e6 3. d4 cxd4 4. Nxd4 a6 5. Bd3 Nf6 6. O-O Qc7 7. Kh1 Nc6 8.
Nxc6 bxc6 9. f4 d5 10. Nd2 h5 11. c4 Bc5 12. Nb3 Ba7 13. Qe2 a5 14. cxd5 cxd5
15. exd5 Nxd5 16. f5 Bb8 17. g3 Bb7 18. Be4 h4 19. Bf4 Qb6 20. Bxb8 Rxb8 21.
Qf3 Ne3 22. Bxb7 Qxb7 23. Nxa5 Qxf3+ 24. Rxf3 hxg3 25. Rxe3 Rxb2 26. Kg1 Rbxh2
27. Nb3 Rh1+ 28. Kg2 Rxa1 29. Nxa1 Rh2+ 1/2-1/2

[Event "BL 8586 Porz-Koblenz"]
[Site "?"]
[Date "1986.??.??"]
[Round "?.6"]
[White "Schmidt, B."]
[Black "Weidemann, J."]
[Result "0-1"]
[WhiteElo "2340"]
[BlackElo "2265"]
[PlyCount "96"]
[EventDate "1986.??.??"]

1. Nf3 d6 2. d4 Nd7 3. c4 e5 4. Nc3 c6 5. e4 Be7 6. Be2 Ngf6 7. O-O O-O 8. Re1
a6 9. Bf1 b5 10. d5 cxd5 11. Nxd5 Nxd5 12. cxd5 Nc5 13. b4 Na4 14. Qb3 Kh8 15.
Be3 g6 16. Nd2 f5 17. exf5 gxf5 18. f4 Bf6 19. Nf3 Bb7 20. Rac1 Qd7 21. Rc2
Rac8 22. Rec1 Rxc2 23. Rxc2 Qf7 24. Rd2 Rc8 25. fxe5 Rc3 26. exf6 Rxb3 27. axb3
Kg8 28. bxa4 bxa4 29. Bd4 Bxd5 30. Ng5 Qg6 31. Be3 Qe8 32. Bf4 Qc6 33. f7+ Kg7
34. Re2 Qb6+ 35. Be3 Qxb4 36. Rd2 Bxf7 37. Rd4 Qa3 38. Rd3 Bb3 39. Bd4+ Kf8 40.
Nxh7+ Ke7 41. Bf2 Qc1 42. Re3+ Kd7 43. Nf6+ Kc6 44. Re1 Qb2 45. Ne8 a3 46. Re7
a2 47. Ra7 a1=Q 48. Rxa6+ Qxa6 0-1

[Event "BL 8586 Porz-Koblenz"]
[Site "?"]
[Date "1986.??.??"]
[Round "?.7"]
[White "Bayer, E."]
[Black "Kreutzkamp, R."]
[Result "1/2-1/2"]
[WhiteElo "2285"]
[BlackElo "2250"]
[PlyCount "85"]
[EventDate "1986.??.??"]

1. d4 d5 2. c4 c6 3. Nf3 Nf6 4. Nc3 e6 5. Bg5 h6 6. Bxf6 Qxf6 7. Qc2 Nd7 8. e4
dxe4 9. Qxe4 Bd6 10. Bd3 g6 11. O-O O-O 12. Rfe1 Rd8 13. Rad1 Nf8 14. Bb1 Bd7
15. Qe2 Qg7 16. a3 Be8 17. Ne4 Bc7 18. Ba2 Rab8 19. Rd2 Bf4 20. Rd3 Nd7 21.
Red1 Bc7 22. Nc3 Nf6 23. b4 a5 24. Qc2 axb4 25. axb4 Ra8 26. Bb3 Bd6 27. Na2
Rac8 28. Qe2 Ra8 29. g3 Bc7 30. Nc1 Bd6 31. Qd2 Bc7 32. Bc2 b5 33. Qe2 bxc4 34.
Rc3 Nd5 35. Rxc4 Ra3 36. Be4 Bd6 37. Qb2 Rda8 38. Kg2 R3a4 39. Ne5 Nb6 40. Rc3
Rxb4 41. Rb3 Rxb3 42. Qxb3 Bxe5 43. Qxb6 1/2-1/2

[Event "BL 8586 Porz-Koblenz"]
[Site "?"]
[Date "1986.??.??"]
[Round "?.8"]
[White "Gawehns, K."]
[Black "Seul, G."]
[Result "1-0"]
[WhiteElo "2335"]
[BlackElo "2445"]
[PlyCount "83"]
[EventDate "1986.??.??"]

1. b3 Nf6 2. Bb2 d5 3. e3 g6 4. c4 Bg7 5. cxd5 Qxd5 6. Nc3 Qd8 7. Nf3 O-O 8. d4
c5 9. dxc5 Qa5 10. a3 Rd8 11. b4 Rxd1+ 12. Rxd1 Qc7 13. Nb5 Qc6 14. Rd8+ Bf8
15. Nfd4 Qe4 16. Nc3 Qh4 17. g3 Qh5 18. Rxc8 e5 19. Ndb5 Qf3 20. Rg1 Qf5 21.
Nd6 Qc2 22. Nd1 Kg7 23. Ne8+ Nxe8 24. Rxe8 f6 25. Bg2 Qa4 26. Rxf8 Qd7 27. Rxb8
Rxb8 28. Nc3 Rd8 29. Bd5 Qf5 30. e4 Qf3 31. g4 Qd3 32. Rg3 Qc2 33. Nd1 Rxd5 34.
exd5 Qe4+ 35. Re3 Qxd5 36. g5 fxg5 37. Bxe5+ Kg8 38. Nc3 Qh1+ 39. Ke2 Qc1 40.
Ne4 h6 41. Nd6 Qh1 42. Bc3 1-0

[Event "BL 8586 Wuppertal-Heidelberg"]
[Site "?"]
[Date "1986.??.??"]
[Round "?.1"]
[White "Neunhoeffer, H."]
[Black "Dresen, U."]
[Result "0-1"]
[WhiteElo "2235"]
[BlackElo "2305"]
[PlyCount "101"]
[EventDate "1986.??.??"]

1. d4 g6 2. e4 Bg7 3. Nc3 c6 4. Bc4 d5 5. exd5 b5 6. Bb3 b4 7. Nce2 cxd5 8. Nf3
Nf6 9. O-O O-O 10. a3 bxa3 11. Rxa3 Bb7 12. Nf4 Nbd7 13. Bd2 Qb8 14. Nd3 Bc6
15. Re1 e6 16. Nfe5 Bb5 17. Qf3 Rc8 18. Ba5 a6 19. Qh3 Nxe5 20. Nxe5 Qa7 21.
Qe3 Ne4 22. Nf3 Nd6 23. Qf4 Nf5 24. c3 Bh6 25. Qe5 Bf8 26. Raa1 Bd3 27. g4 Bd6
28. Qf6 Qe7 29. Qxe7 Nxe7 30. Re3 Bc4 31. Bxc4 dxc4 32. Ne5 Nd5 33. Re4 Rab8
34. Ra4 f5 35. gxf5 gxf5 36. Rh4 Bxe5 37. dxe5 Rxb2 38. Raxc4 Rxc4 39. Rxc4 Ra2
40. Bb4 f4 41. Rc6 f3 42. h3 Nf4 43. Bc5 Kf7 44. h4 Ne2+ 45. Kh2 Nxc3 46. Kg3
Nd5 47. Kxf3 Rc2 48. Ke4 a5 49. Rc8 Rc4+ 50. Kd3 Rxh4 51. Rf8+ 0-1

[Event "BL 8586 Wuppertal-Heidelberg"]
[Site "?"]
[Date "1986.??.??"]
[Round "?.2"]
[White "Schneider, B1."]
[Black "Steinbacher, M."]
[Result "1/2-1/2"]
[WhiteElo "2290"]
[BlackElo "2290"]
[PlyCount "101"]
[EventDate "1986.??.??"]

1. c4 e5 2. Nc3 d6 3. Nf3 c5 4. g3 g5 5. d3 h6 6. Bg2 Bg7 7. a3 Nc6 8. Rb1 f5
9. Nd5 Nf6 10. b4 O-O 11. O-O Kh8 12. Nd2 Rf7 13. Nb3 Bf8 14. Bb2 f4 15. Bc3
Bg4 16. bxc5 dxc5 17. Nd2 Qd7 18. Nxf6 Rxf6 19. Nf3 Re8 20. Rxb7 Qxb7 21. Nxe5
Rxe5 22. Bxe5 Qe7 23. Bxf6+ Qxf6 24. h3 Bd7 25. Qa4 g4 26. hxg4 Ne5 27. Qxa7 h5
28. gxh5 f3 29. exf3 Bc6 30. f4 Nf3+ 31. Bxf3 Bxf3 32. Qb8 Kh7 33. Qe8 Bg7 34.
Re1 Qf5 35. Qg6+ Qxg6 36. hxg6+ Kxg6 37. Re3 Bd1 38. Kf1 Bc3 39. Re6+ Kf5 40.
Rc6 Kg4 41. Rxc5 Kf3 42. Rd5 Be2+ 43. Kg1 Be1 44. Kh2 Bxf2 45. Rg5 Bxd3 46. c5
Bb5 47. Rg6 Be8 48. Rg5 Bd7 49. Rg7 Bg4 50. Rxg4 Kxg4 51. c6 1/2-1/2

[Event "BL 8586 Wuppertal-Heidelberg"]
[Site "?"]
[Date "1986.??.??"]
[Round "?.3"]
[White "Mack, P."]
[Black "Meyer, P."]
[Result "1/2-1/2"]
[WhiteElo "2280"]
[BlackElo "2280"]
[PlyCount "67"]
[EventDate "1986.??.??"]

1. Nf3 Nf6 2. g3 d5 3. Bg2 c6 4. O-O Bg4 5. h3 Bxf3 6. exf3 e6 7. f4 Be7 8. d3
O-O 9. Nd2 c5 10. Nf3 Nc6 11. Ne5 Rc8 12. Re1 b5 13. c3 c4 14. a4 a6 15. axb5
axb5 16. b4 cxd3 17. Qxd3 Qc7 18. Nxc6 Qxc6 19. Bd2 Bd8 20. f5 Bb6 21. Be3 Bxe3
22. Rxe3 Ra8 23. Rae1 exf5 24. Qxf5 Ra3 25. Qe5 h6 26. Qd4 Rc8 27. Rd1 Rxc3 28.
Rxc3 Qxc3 29. Qxc3 Rxc3 30. Bxd5 Rc7 31. Bg2 Rc4 32. Bf1 Rxb4 33. Rd8+ Kh7 34.
Rb8 1/2-1/2

[Event "BL 8586 München 36-Sindelfingen"]
[Site "?"]
[Date "1986.??.??"]
[Round "?.1"]
[White "Darga, K."]
[Black "Unzicker, W."]
[Result "1/2-1/2"]
[WhiteElo "2470"]
[BlackElo "2470"]
[PlyCount "36"]
[EventDate "1986.??.??"]

1. d4 d5 2. c4 c6 3. Nf3 Nf6 4. cxd5 cxd5 5. Nc3 Nc6 6. Bf4 e6 7. e3 Bd6 8. Bg3
O-O 9. Bb5 Bxg3 10. hxg3 Qb6 11. O-O Bd7 12. Qe2 Rfc8 13. Rac1 Ne4 14. Bd3 Nxc3
15. Rxc3 h6 16. Rfc1 Ne7 17. Rxc8+ Rxc8 18. Rxc8+ Bxc8 1/2-1/2

[Event "BL 8586 München 36-Sindelfingen"]
[Site "?"]
[Date "1986.??.??"]
[Round "?.4"]
[White "Bastian, H."]
[Black "Ullrich, F."]
[Result "1/2-1/2"]
[WhiteElo "2375"]
[BlackElo "2285"]
[PlyCount "130"]
[EventDate "1986.??.??"]

1. e4 e5 2. Nf3 Nc6 3. Bc4 Nf6 4. d3 Bc5 5. c3 d6 6. Nbd2 Be6 7. Bb5 O-O 8. O-O
Bb6 9. Nc4 Ne7 10. Nxb6 axb6 11. Ba4 Ng6 12. h3 d5 13. Ng5 Bc8 14. exd5 Nxd5
15. Bc2 Ndf4 16. Nf3 Bf5 17. d4 Bxc2 18. Qxc2 exd4 19. Bxf4 Nxf4 20. Qe4 Ne6
21. Rfd1 Nc5 22. Qxd4 Qxd4 23. Nxd4 g6 24. a3 Rfe8 25. Kf1 Rad8 26. g3 Ne4 27.
Nb3 Nd6 28. Nd4 c5 29. Nf3 Nc4 30. b3 Na5 31. b4 Nc4 32. a4 Rxd1+ 33. Rxd1 Ra8
34. Rd7 Rxa4 35. bxc5 bxc5 36. Rxb7 Ra3 37. Ng5 Ne5 38. Ne4 c4 39. Re7 Nd3 40.
Rc7 f5 41. Nf6+ Kf8 42. Rd7 Ra6 43. Nxh7+ Ke8 44. Rd4 Ra1+ 45. Ke2 Ra2+ 46. Ke3
Nxf2 47. Rxc4 Nd1+ 48. Kf4 Rf2+ 49. Kg5 Rf3 50. Nf6+ Kf7 51. Rc7+ Ke6 52. Rc6+
Ke5 53. Nd7+ Ke4 54. Rc4+ Ke3 55. Kxg6 Rxg3+ 56. Kxf5 Rxh3 57. Rc6 Kd2 58. c4
Ne3+ 59. Kg5 Nxc4 60. Rxc4 Rc3 61. Ra4 Rf3 62. Ne5 Rf8 63. Ra3 Kc2 64. Ng6 Kb2
65. Rh3 Rc8 1/2-1/2

[Event "BL 8586 Bayern-Zähringen"]
[Site "?"]
[Date "1986.??.??"]
[Round "?.1"]
[White "Vatter, H."]
[Black "Ribli, Z."]
[Result "0-1"]
[WhiteElo "2260"]
[BlackElo "2605"]
[PlyCount "100"]
[EventDate "1986.??.??"]

1. e4 c5 2. c3 d5 3. exd5 Qxd5 4. d4 Nf6 5. Nf3 e6 6. Be2 Be7 7. O-O O-O 8. c4
Qd8 9. dxc5 Nbd7 10. Nc3 Nxc5 11. Qc2 Qc7 12. b4 Ncd7 13. Rb1 a6 14. Bg5 b6 15.
Bd3 Bb7 16. Qe2 Rac8 17. Rfc1 Bxf3 18. gxf3 Ng4 19. fxg4 Bxg5 20. Rc2 Ne5 21.
Ne4 Bf4 22. c5 Bxh2+ 23. Kg2 b5 24. Ng5 h6 25. Bh7+ Kh8 26. Rh1 Bf4 27. Nh3
Kxh7 28. Nxf4 Rfd8 29. Qe4+ Kg8 30. f3 Nc6 31. Ne2 Rd5 32. a3 Rcd8 33. Rb2 Re5
34. Qc2 f5 35. gxf5 Rxf5 36. Rh3 Rfd5 37. Qe4 Qe5 38. Qxe5 Rxe5 39. Kf2 Rd3 40.
Ra2 Kf7 41. Rh4 Ree3 42. Rf4+ Ke7 43. a4 g5 44. Re4 Rxf3+ 45. Kg2 Rfe3 46. Rxe3
Rxe3 47. axb5 axb5 48. Kf2 Rb3 49. Ra6 Nxb4 50. Ra7+ Kf6 0-1

[Event "BL 8586 Bayern-Zähringen"]
[Site "?"]
[Date "1986.??.??"]
[Round "?.2"]
[White "Kindermann, S."]
[Black "Herbrechtsmeier, C."]
[Result "1/2-1/2"]
[WhiteElo "2480"]
[BlackElo "2330"]
[PlyCount "61"]
[EventDate "1986.??.??"]

1. e4 e5 2. Nf3 Nc6 3. Bb5 a6 4. Ba4 Nf6 5. O-O Be7 6. Qe2 b5 7. Bb3 O-O 8. c3
d5 9. d3 Re8 10. exd5 Nxd5 11. Nxe5 Nxe5 12. Qxe5 Nf6 13. Qg3 Bd6 14. Qh4 h6
15. Nd2 Bf5 16. Nf3 Bxd3 17. Re1 Rxe1+ 18. Nxe1 Bf5 19. Bf4 Ne4 20. Qxd8+ Rxd8
21. Rd1 Re8 22. Bxd6 Nxd6 23. Kf1 Kf8 24. Rd4 Be6 25. Bxe6 Rxe6 26. Nd3 Nb7 27.
Nf4 Re7 28. h4 Ke8 29. g3 Nc5 30. b3 Ne6 31. Nxe6 1/2-1/2

[Event "BL 8586 Bayern-Zähringen"]
[Site "?"]
[Date "1986.??.??"]
[Round "?.3"]
[White "Kiefer, G."]
[Black "Bischoff, K."]
[Result "0-1"]
[WhiteElo "2220"]
[BlackElo "2415"]
[PlyCount "80"]
[EventDate "1986.??.??"]

1. e4 c5 2. Nf3 e6 3. d4 cxd4 4. Nxd4 Nf6 5. Nc3 d6 6. Bc4 Be7 7. Bb3 Na6 8. g4
Nc5 9. Qe2 g6 10. g5 Nh5 11. Rg1 a6 12. f4 O-O 13. Be3 Bd7 14. f5 Nxb3 15. axb3
Re8 16. O-O-O Bf8 17. Qf3 Rc8 18. Rgf1 Qc7 19. Rd2 Bc6 20. Qh3 Qd7 21. Rdf2
exf5 22. Nxf5 Qe6 23. Qh4 gxf5 24. Qxh5 Bxe4 25. Bd4 Rc7 26. Qh4 Rec8 27. Qf4
b5 28. Kb1 Rxc3 29. Bxc3 Rxc3 30. bxc3 Qxb3+ 31. Kc1 Qxc3 32. Qg3 Qa1+ 33. Kd2
Qd4+ 34. Kc1 Bg7 35. Rd1 Qb2+ 36. Kd2 Qxc2+ 37. Ke1 Bc3+ 38. Rfd2 Bb4 39. Qe3
Qc4 40. Kf2 Bc5 0-1

[Event "BL 8586 Bayern-Zähringen"]
[Site "?"]
[Date "1986.??.??"]
[Round "?.4"]
[White "Hecht, H."]
[Black "Miltner, A."]
[Result "1-0"]
[WhiteElo "2445"]
[BlackElo "2285"]
[PlyCount "65"]
[EventDate "1986.??.??"]

1. e4 c6 2. d4 d5 3. Nd2 dxe4 4. Nxe4 Nf6 5. Nxf6+ gxf6 6. c3 Bf5 7. Nf3 Qc7 8.
g3 Nd7 9. Bg2 e6 10. O-O Bg4 11. Bf4 Bd6 12. Bxd6 Qxd6 13. Qb3 O-O-O 14. Nd2 h5
15. h3 Bf5 16. Nc4 Qc7 17. Rad1 Rdg8 18. Qa3 h4 19. Nd6+ Kb8 20. g4 Bg6 21. c4
Nb6 22. d5 exd5 23. cxd5 Nxd5 24. Bxd5 cxd5 25. Rxd5 Rh5 26. Nb5 Qb6 27. Rxh5
Bxh5 28. Qb4 a6 29. Qf4+ Ka8 30. Nc7+ Ka7 31. Nd5 Qc5 32. Nxf6 Rg6 33. Qe3 1-0

[Event "BL 8586 Bayern-Zähringen"]
[Site "?"]
[Date "1986.??.??"]
[Round "?.5"]
[White "Arnold, L."]
[Black "Calvo Minguez, R."]
[Result "0-1"]
[WhiteElo "2305"]
[BlackElo "2435"]
[PlyCount "80"]
[EventDate "1986.??.??"]

1. e4 c5 2. Nf3 e6 3. d4 cxd4 4. Nxd4 Nf6 5. Nc3 d6 6. g3 a6 7. a4 b6 8. Bg2
Ra7 9. O-O Be7 10. Be3 Rc7 11. Nb3 Nfd7 12. Qh5 Nc6 13. Rad1 Nce5 14. f4 Nc4
15. Bc1 O-O 16. g4 Bf6 17. Rf3 g6 18. Qh3 Bg7 19. f5 Nce5 20. Rf2 Nf6 21. fxg6
hxg6 22. Bg5 Nexg4 23. Rdf1 Nxf2 24. Rxf2 b5 25. axb5 axb5 26. e5 dxe5 27. Ne4
Nxe4 28. Bxd8 Nxf2 29. Qh4 Rc4 30. Qe7 Ng4 31. Ba5 Ne3 32. Qg5 Nxg2 33. Qxg2
Bd7 34. c3 Bc6 35. Qe2 Ra8 36. h3 Bd5 37. Qc2 Rh4 38. Kh2 Bxb3 39. Qxb3 Rxa5
40. c4 Rxc4 0-1

[Event "BL 8586 Bayern-Zähringen"]
[Site "?"]
[Date "1986.??.??"]
[Round "?.6"]
[White "Hertneck, G."]
[Black "Raupp, T."]
[Result "1/2-1/2"]
[WhiteElo "2410"]
[BlackElo "2275"]
[PlyCount "75"]
[EventDate "1986.??.??"]

1. d4 d5 2. c4 e6 3. Nc3 Be7 4. cxd5 exd5 5. Bf4 c6 6. e3 Bd6 7. Bg3 Ne7 8.
Nge2 Nf5 9. Nf4 Nd7 10. Bd3 Nf6 11. Nh5 Nxh5 12. Qxh5 g6 13. Qe2 Nxg3 14. hxg3
O-O 15. O-O-O Re8 16. Kb1 Qf6 17. Qf3 Qxf3 18. gxf3 h5 19. e4 dxe4 20. Nxe4 Be7
21. Bc4 Bf5 22. d5 Rad8 23. dxc6 bxc6 24. Kc2 Bc5 25. Bd3 Bxe4 26. Bxe4 Bxf2
27. Rxd8 Rxd8 28. g4 h4 29. b4 Rd6 30. Rd1 Rxd1 31. Kxd1 c5 32. Ke2 Bg1 33.
bxc5 Bxc5 34. f4 Kg7 35. Kf3 f6 36. Kg2 Be3 37. f5 g5 38. Kh3 1/2-1/2